000 00742nam a2200253Ia 4500
003 OSt
005 20221005035236.0
006 a|||||r|||| 00| 0
007 ta
008 221004b |||||||| |||| 00| 0 eng d
024 _a33987
037 _cTextual
040 _aCRL
_cCRL
_beng
041 _2eng
_aeng
082 _a20bD65,8(B)p2,N87, M8
100 _aVashishth C P Ed.
111 _a33rd A.I.L.A. (Dec2-87 : Bharathidasan Univ, Tiruchy India)
_9588083
245 0 _aModernisation in libraries
260 _aDelhi
_bIndian Library Association
_c1988
300 _a477p.
_ccm.
650 _aLIBRARY SCIENCE
942 _h20bD65,8(B)p2,N87, M8
_cTEXL
_2cc
999 _c944786
_d944786